South America Flags - Statistics

General Stats
  • This quiz has been taken 21 times
  • The average score is 11 of 12
Answer Stats
Picture Answer % Correct
Argentina
100%
Brazil
100%
Chile
100%
Colombia
100%
Uruguay
100%
Ecuador
94%
Paraguay
94%
Peru
94%
Venezuela
94%
Bolivia
88%
Guyana
82%
Suriname
82%
No matching quizzes found
Score Distribution
Percent of People with Each Score
Percentile by Number Answered
Your Score History
You have not taken this quiz